Uso de Anticonceptivos
Uloženo v:
| Médium: | Text |
|---|---|
| Témata: | |
| Tagy: |
Přidat tag
Žádné tagy, Buďte první, kdo vytvoří štítek k tomuto záznamu!
|
MARC
| LEADER | 00000 a a2200000 04500 | ||
|---|---|---|---|
| 001 | 12849 | ||
| 003 | |||
| 040 | |||
| 245 | |a Uso de Anticonceptivos | ||
| 650 | |a ANTICONCEPTIVOS | ||
| 650 | |a HOMBRES | ||
| 650 | |a ANTICONCEPTIVOS | ||
| 650 | |a HOMBRES | ||
| 650 | |a HOMBRES CASADOS | ||
| 773 | |g M; páginas 4-10 | ||
| 999 | |c 35314 |d 35314 | ||
